A Training course for TEFL
Αποθηκεύτηκε σε:
| Κύριος συγγραφέας: | |
|---|---|
| Μορφή: | Βιβλίο |
| Γλώσσα: | English |
| Δημοσίευση: |
Oxford; New York :
Oxford University Press,
2002
|
| Θέματα: | |
| Ετικέτες: |
Προσθήκη ετικέτας
Δεν υπάρχουν, Καταχωρήστε ετικέτα πρώτοι!
|
MARC
| LEADER | 00000nam a2200000 i 4500 | ||
|---|---|---|---|
| 001 | 1/35796 | ||
| 008 | 030513s2002 eng d | ||
| 020 | |a 0194327108 | ||
| 035 | |l 10069942 | ||
| 040 | |a GR-MY-UA |b gre |e aacr | ||
| 041 | 0 | |a eng | |
| 082 | 0 | |a 428.007 | |
| 100 | 1 | |a Hubbard, Peter. | |
| 245 | 1 | 2 | |a A Training course for TEFL / |c Peter Humbbard ...[et al.] |
| 260 | |a Oxford; New York : |b Oxford University Press, |c 2002 | ||
| 300 | |a 337 σ.; |b εικ.; |c 25 εκ. | ||
| 504 | |a Περιέχει βιβλιογραφία και ευρετήριο | ||
| 650 | 0 | 0 | |a English language |x Study and teaching |x Foreign speakers. |
| 852 | |a INST |b LESVOS |e 20030513 |h 428.007 HUB |p 005100027032 |q 005100027032 |t BK |y 0 | ||
| 901 | |a BIBL1-2003-2 | ||
| 909 | |a Λ |b 104468 | ||
| 922 | |a 1ΕΛΗ |b 200303 |c ΕΠΕΑΕΚ2/ΤΓ |d ΠΑΠΑΣΩΤΗΡΙΟΥ & ΕΛΕΥΘΕΡΟΥΔΑΚΗΣ | ||
| 950 | |a 118-2002-10-09 | ||
| 970 | |a ΚΑΡΑ |b ΓΙΑΣΕΜΗ |z 2003/07/10 | ||